Questions aléatoires de géographie - 6 - Statistiques

Statistiques générales
  • Ce quiz a été pris 102 fois
  • Le résultat moyen est 6 sur 15
Statistiques - réponses
Indices Réponses % Correct
Quel est le plus grand désert du monde ? le Sahara
90%
Au bord de quel lac a été construite la ville de Chicago ? le lac Michigan
72%
Quelle est l'île la plus proche de la Réunion ? l île Maurice
66%
Dans quel pays se trouve la ville de Colombo ? le Sri Lanka
63%
Quel pays a disputé la suzeraineté des îles Falkland à l'Angleterre ? l Argentine
57%
Quelle île britannique se situe entre l'Irlande et la Grande Bretagne ? l île de Man
57%
Quel massif montagneux est peuplée entre autres par les peuples tchétchènes, ossètes, daghestanais et karatchaïs ? le Caucase
48%
Quelle région espagnole contient la ville de Saint-Jacques-de-Compostelle ? la Galice
38%
Quelle ville, dont le nom signifie "qui domine l'Orient" en russe, est baignée par la mer du Japon ? Vladivostok
38%
Citez le nom d'une des deux plus grandes îles de Nouvelle-Zélande. l île du Nord | l île du Sud
31%
Quelle est la capitale de la région Wallone ? Namur
30%
Quelle ville française tient son nom du peuple gaulois des Vénètes ? Vannes
23%
Quel est le nom de l'Oasis égyptien qui est la zone de départ d'Assassin's Creed Origin's ? Son nom provient de la langue berbère locale, le siwi. l oasis de Siwa
13%
Quel est le nom du détroit qui sépare l'Australie de la Papouasie-Nouvelle-Guinée ? le détroit de Torrès
8%
De quelle langue provient le nom de la capitale du Canada ? de l Outaouais
2%
Aucun quiz correspondant
Distribution des résultats
% des personnes avec chaque résultat
Percentile par nombre de réponses
Votre historique - résultats
Vous n’avez pas pris ce quiz